[Event "Gibraltar ChallWk2 13th"]
[Site "Gibraltar"]
[Date "2015.02.04"]
[Round "5.23"]
[White "Lawson, Dominic Ralph"]
[Black "Dasaolu, Rotimi"]
[Result "1/2-1/2"]
[WhiteElo "1951"]
[BlackElo "2053"]
[PlyCount "35"]
[EventDate "2015.01.31"]
[EventType "swiss"]
[EventRounds "5"]
[EventCountry "GGB"]
[SourceTitle "BritBase"]
[Source "www.saund.co.uk"]
[SourceDate "2018.02.10"]
[SourceVersion "1"]
[SourceVersionDate "2018.02.10"]
[SourceQuality "1"]

1. b3 e5 2. Bb2 d6 3. e3 g6 4. d4 Nd7 5. Nf3 Bg7 6. dxe5 dxe5 7. Bc4 Nh6 8. O-O
O-O 9. e4 Re8 10. a4 c6 11. Ba3 Bf8 12. Bxf8 Kxf8 13. Qd6+ Qe7 14. Rd1 Qxd6 15.
Rxd6 Ke7 16. Rd2 f6 17. Nc3 Nb6 18. Bf1 1/2-1/2

[Event "Gibraltar ChallWk2 13th"]
[Site "Gibraltar"]
[Date "2015.02.04"]
[Round "5.24"]
[White "Gieritz, Dietmar"]
[Black "Ruiz Manrique, Joaquin"]
[Result "1-0"]
[WhiteElo "2048"]
[BlackElo "1945"]
[PlyCount "87"]
[EventDate "2015.01.31"]
[EventType "swiss"]
[EventRounds "5"]
[EventCountry "GGB"]
[SourceTitle "BritBase"]
[Source "www.saund.co.uk"]
[SourceDate "2018.02.10"]
[SourceVersion "1"]
[SourceVersionDate "2018.02.10"]
[SourceQuality "1"]

1. Nf3 d6 2. d4 g6 3. g3 Bg7 4. Bg2 Nd7 5. O-O e5 6. c4 Ne7 7. Nc3 O-O 8. h3 h6
9. e4 b6 10. Re1 exd4 11. Nxd4 Rb8 12. Be3 Ne5 13. b3 N5c6 14. Nde2 Be6 15. Qd2
Kh7 16. Rad1 Qd7 17. Nf4 a6 18. Qc1 Rbd8 19. Ncd5 Bxd5 20. cxd5 Ne5 21. Re2 Rc8
22. h4 Qg4 23. Bh3 Qf3 24. Bxc8 Rxc8 25. Bd4 g5 26. Re3 Qg4 27. Bxe5 gxf4 28.
Bxf4 Ng6 29. f3 Qh3 30. Re2 Nxh4 31. Qe3 Rg8 32. Rh2 Bd4 33. Rxh3 Nxf3+ 34. Kf1
Bxe3 35. Rxh6+ Kg7 36. Bxe3 Ne5 37. Rh4 Kf8 38. Bf4 Ng4 39. Rc1 Nf2 40. Kg2 Nd3
41. Rxc7 Rg6 42. Bh6+ Ke8 43. Be3 Rg8 44. Rc8+ 1-0

[Event "Gibraltar ChallWk2 13th"]
[Site "Gibraltar"]
[Date "2015.02.04"]
[Round "5.25"]
[White "Ungureanu, Sandu"]
[Black "Gonzalez Capacete, Jose Miguel"]
[Result "1/2-1/2"]
[WhiteElo "2040"]
[BlackElo "1920"]
[PlyCount "132"]
[EventDate "2015.01.31"]
[EventType "swiss"]
[EventRounds "5"]
[EventCountry "GGB"]
[SourceTitle "BritBase"]
[Source "www.saund.co.uk"]
[SourceDate "2018.02.10"]
[SourceVersion "1"]
[SourceVersionDate "2018.02.10"]
[SourceQuality "1"]

1. g3 c5 2. Bg2 g6 3. d4 cxd4 4. Qxd4 Nf6 5. c4 Bg7 6. Nc3 O-O 7. Nf3 d6 8. O-O
Nc6 9. Qd1 Be6 10. Nd2 Nd7 11. Rb1 Qa5 12. a3 Nb6 13. b4 Qh5 14. Bf3 Bg4 15.
Bxg4 Qxg4 16. e4 Qe6 17. Nd5 Rac8 18. Nxb6 axb6 19. Qb3 Nd4 20. Qd3 f5 21. exf5
Rxf5 22. Bb2 Ne2+ 23. Kg2 Rh5 24. h4 Rxh4 25. Qd5 Qxd5+ 26. cxd5 Rh5 27. Bxg7
Kxg7 28. Rbe1 Nc3 29. Rxe7+ Kf6 30. Re6+ Kf7 31. Rxd6 Rxd5 32. Ne4 Ke7 33. Rxd5
Nxd5 34. Rd1 Rd8 35. Kf3 h6 36. Ke2 Ke6 37. Rd3 Rc8 38. Kd2 Ke5 39. f3 Rc6 40.
Nf2 h5 41. f4+ Ke6 42. Ne4 Kf5 43. Rxd5+ Kxe4 44. Rg5 Kd4 45. f5 gxf5 46. Rxf5
Rg6 47. Rf3 Kc4 48. Kc2 Rg4 49. Rc3+ Kb5 50. Kb3 Ka6 51. a4 h4 52. gxh4 Rxh4
53. Rd3 Rg4 54. Kc3 Rh4 55. Rd8 Ka7 56. Rd4 Rh1 57. Kc4 Rh2 58. Kd5 Rc2 59. Kd6
Rc6+ 60. Kd7 Rc1 61. b5 Rc2 62. Kd8 Rc1 63. Kd7 Kb8 64. Rd2 Ka7 65. Ke8 Rc4 66.
Ke7 Rc1 1/2-1/2

[Event "Gibraltar ChallWk2 13th"]
[Site "Gibraltar"]
[Date "2015.02.04"]
[Round "5.26"]
[White "Probst, Alexander"]
[Black "Van Dongen, Edwin"]
[Result "1/2-1/2"]
[WhiteElo "1948"]
[BlackElo "2036"]
[PlyCount "96"]
[EventDate "2015.01.31"]
[EventType "swiss"]
[EventRounds "5"]
[EventCountry "GGB"]
[SourceTitle "BritBase"]
[Source "www.saund.co.uk"]
[SourceDate "2018.02.10"]
[SourceVersion "1"]
[SourceVersionDate "2018.02.10"]
[SourceQuality "1"]

1. e4 e6 2. d4 d5 3. Nd2 Nf6 4. e5 Nfd7 5. Bd3 c5 6. c3 Nc6 7. Ne2 Qb6 8. Nf3
cxd4 9. cxd4 f6 10. exf6 Nxf6 11. O-O Bd6 12. Bf4 Qc7 13. Bxd6 Qxd6 14. Nc3 O-O
15. h3 e5 16. Nxe5 Nxe5 17. dxe5 Qxe5 18. Re1 Qg5 19. Re3 Bd7 20. Rg3 Qe5 21.
Qd2 Rae8 22. Rg5 Qe7 23. Nxd5 Nxd5 24. Bc4 Kh8 25. Bxd5 h6 26. Rg3 b6 27. Re3
Qg5 28. Rd1 Rd8 29. Rd3 Qxd2 30. R3xd2 Ba4 31. b3 Bb5 32. a4 Be8 33. Bc4 Rb8
34. Rd8 Bc6 35. Rxb8 Rxb8 36. Rd6 Be8 37. f4 b5 38. axb5 Bxb5 39. Kf2 a5 40.
Bxb5 Rxb5 41. Rd3 Rb4 42. Ke3 a4 43. bxa4 Rxa4 44. g4 Kg8 45. h4 Ra8 46. Ke4
Kf7 47. h5 Kf6 48. Rd6+ Kf7 1/2-1/2

[Event "Gibraltar ChallWk2 13th"]
[Site "Gibraltar"]
[Date "2015.02.04"]
[Round "5.27"]
[White "Risting, Eivind Olav"]
[Black "Nwoye, Nnamdi"]
[Result "1-0"]
[WhiteElo "1903"]
[BlackElo "2015"]
[PlyCount "93"]
[EventDate "2015.01.31"]
[EventType "swiss"]
[EventRounds "5"]
[EventCountry "GGB"]
[SourceTitle "BritBase"]
[Source "www.saund.co.uk"]
[SourceDate "2018.02.10"]
[SourceVersion "1"]
[SourceVersionDate "2018.02.10"]
[SourceQuality "1"]

1. d4 Nf6 2. Bg5 Ne4 3. Bf4 d5 4. e3 c5 5. Bd3 Qb6 6. Bxe4 dxe4 7. Nc3 Na6 8.
Nge2 Bg4 9. Nxe4 Rd8 10. f3 Bf5 11. Qc1 Bxe4 12. fxe4 Qg6 13. O-O cxd4 14. exd4
Qxe4 15. Qd1 g6 16. c3 Bg7 17. Qa4+ Qc6 18. Qxc6+ bxc6 19. Rfe1 O-O 20. Rad1 e6
21. Nc1 c5 22. dxc5 Nxc5 23. Bd6 Rc8 24. Bxf8 Kxf8 25. Nb3 Na4 26. Rd2 Ke7 27.
Kf2 a5 28. Re4 Nc5 29. Nxc5 Rxc5 30. g3 f5 31. Re1 Rc7 32. Rde2 Rc6 33. Rd1 Rc7
34. Red2 Rb7 35. Rc2 a4 36. Rb1 e5 37. b4 e4 38. b5 Kd6 39. c4 Kc5 40. Rd1 a3
41. Rd5+ Kb4 42. c5 Rxb5 43. c6 Rxd5 44. c7 Bd4+ 45. Ke2 g5 46. c8=Q f4 47.
Qc4+ 1-0

[Event "Gibraltar ChallWk2 13th"]
[Site "Gibraltar"]
[Date "2015.02.04"]
[Round "5.28"]
[White "Morais, Vitor"]
[Black "Balogun, Oluwafemi"]
[Result "0-1"]
[WhiteElo "1934"]
[BlackElo "2193"]
[PlyCount "82"]
[EventDate "2015.01.31"]
[EventType "swiss"]
[EventRounds "5"]
[EventCountry "GGB"]
[SourceTitle "BritBase"]
[Source "www.saund.co.uk"]
[SourceDate "2018.02.10"]
[SourceVersion "1"]
[SourceVersionDate "2018.02.10"]
[SourceQuality "1"]

1. Nc3 Nf6 2. g3 g6 3. Bg2 Bg7 4. e4 d6 5. d4 O-O 6. Nge2 e5 7. O-O c6 8. h3 b5
9. Be3 b4 10. Na4 Ba6 11. Re1 Bb5 12. b3 Bxa4 13. bxa4 Qa5 14. dxe5 dxe5 15. c3
bxc3 16. Qc2 Na6 17. Nxc3 Nb4 18. Qe2 Rfd8 19. Red1 Nd7 20. Rac1 Nb6 21. a3 Na6
22. Bf1 Nc7 23. Bxb6 axb6 24. Qc4 Bh6 25. Rxd8+ Rxd8 26. Rd1 Rxd1 27. Nxd1 Qd2
28. Qxc6 Ne6 29. Nc3 Bf8 30. Nb1 Qa2 31. Nc3 Qc2 32. Bb5 Bc5 33. Ne2 Qd1+ 34.
Kg2 Qe1 35. Qe8+ Kg7 36. Qb8 Qxf2+ 37. Kh1 f6 38. Qe8 Ng5 39. Qd7+ Kh6 40. Qd2
Be3 41. Qd8 Qf1+ 0-1

[Event "Gibraltar ChallWk2 13th"]
[Site "Gibraltar"]
[Date "2015.02.04"]
[Round "5.29"]
[White "Mulleady, Peter J"]
[Black "Erdelyi, Tamas"]
[Result "0-1"]
[WhiteElo "1908"]
[BlackElo "2128"]
[PlyCount "48"]
[EventDate "2015.01.31"]
[EventType "swiss"]
[EventRounds "5"]
[EventCountry "GGB"]
[SourceTitle "BritBase"]
[Source "www.saund.co.uk"]
[SourceDate "2018.02.10"]
[SourceVersion "1"]
[SourceVersionDate "2018.02.10"]
[SourceQuality "1"]

1. g3 c5 2. Bg2 g6 3. c4 Bg7 4. Nc3 Nc6 5. e4 a6 6. Nge2 b5 7. cxb5 axb5 8.
Nxb5 Ba6 9. Nec3 Qb8 10. Bf1 Nf6 11. Na3 Bxf1 12. Kxf1 Nxe4 13. Qc2 Nd6 14. d3
Nd4 15. Qd1 Qb7 16. Rg1 Nf3 17. Rg2 Rxa3 18. Bh6 Bxh6 19. bxa3 O-O 20. Rb1 Qc6
21. Rb2 Bg7 22. Rc2 Rb8 23. Ne4 Nxe4 24. Qxf3 Nd2+ 0-1

[Event "Gibraltar ChallWk2 13th"]
[Site "Gibraltar"]
[Date "2015.02.04"]
[Round "5.30"]
[White "Bryant, Richard B E"]
[Black "Broekman, Willem"]
[Result "0-1"]
[WhiteElo "1904"]
[BlackElo "2025"]
[PlyCount "84"]
[EventDate "2015.01.31"]
[EventType "swiss"]
[EventRounds "5"]
[EventCountry "GGB"]
[SourceTitle "BritBase"]
[Source "www.saund.co.uk"]
[SourceDate "2018.02.10"]
[SourceVersion "1"]
[SourceVersionDate "2018.02.10"]
[SourceQuality "1"]

1. e4 e6 2. d4 d5 3. Nc3 Bb4 4. e5 c5 5. a3 Bxc3+ 6. bxc3 Ne7 7. h4 Nbc6 8. h5
h6 9. Nf3 Qa5 10. Bd2 Bd7 11. Rb1 O-O-O 12. Rh4 c4 13. Qc1 Rdg8 14. Qb2 Nd8 15.
Bc1 Ba4 16. Nd2 b5 17. g3 Nec6 18. Bg2 Qc7 19. Nf1 f6 20. exf6 gxf6 21. Be3 Qh7
22. Kd2 Nf7 23. Bf4 Re8 24. Re1 Kb7 25. Be3 a5 26. Nh2 Nd6 27. Rf4 Qg7 28. Rg4
Qf7 29. Bf3 e5 30. Qb1 f5 31. Rg6 Ne4+ 32. Bxe4 fxe4 33. Re2 Ne7 34. Rg4 Qxh5
35. Rh4 Qg6 36. Ng4 exd4 37. cxd4 Nf5 38. Ne5 Rxe5 39. dxe5 Nxh4 40. gxh4 Qh5
41. e6 c3+ 42. Kxc3 Qxe2 0-1

[Event "Gibraltar ChallWk2 13th"]
[Site "Gibraltar"]
[Date "2015.02.04"]
[Round "5.31"]
[White "Van De Wynkele, Eric"]
[Black "Adebajo, Olufemi"]
[Result "1/2-1/2"]
[WhiteElo "2017"]
[BlackElo "1962"]
[PlyCount "140"]
[EventDate "2015.01.31"]
[EventType "swiss"]
[EventRounds "5"]
[EventCountry "GGB"]
[SourceTitle "BritBase"]
[Source "www.saund.co.uk"]
[SourceDate "2018.02.10"]
[SourceVersion "1"]
[SourceVersionDate "2018.02.10"]
[SourceQuality "1"]

1. e4 Nf6 2. e5 Nd5 3. c4 Nb6 4. d4 d6 5. exd6 cxd6 6. Nc3 g6 7. Be3 Bg7 8. Rc1
O-O 9. b3 Nc6 10. Nf3 Bg4 11. Be2 Rb8 12. O-O a6 13. h3 Bf5 14. Qd2 Re8 15. Kh2
Bd7 16. Rfd1 e6 17. d5 exd5 18. Nxd5 Nxd5 19. Qxd5 Ne5 20. Bf4 Nxf3+ 21. Bxf3
Bc6 22. Qd3 Qf6 23. Qxd6 Bxf3 24. Qxf6 Bxf6 25. gxf3 Rbd8 26. Be3 Kg7 27. Kg2
Bb2 28. Rxd8 Rxd8 29. Rc2 Bf6 30. Rd2 Rxd2 31. Bxd2 Bd4 32. Be3 Bc3 33. Kf1 Kf6
34. Ke2 Ke5 35. Kd3 Bb4 36. Bc1 Bc5 37. Be3 Be7 38. f4+ Ke6 39. Ke4 f5+ 40. Kd4
h6 41. c5 g5 42. fxg5 hxg5 43. b4 Bf6+ 44. Kc4 g4 45. hxg4 fxg4 46. a4 Be5 47.
b5 g3 48. fxg3 Bxg3 49. Bd4 Bf4 50. Bc3 Be3 51. Bb4 Kd7 52. Kd5 Bf4 53. Bc3 Bc7
54. Be5 Ba5 55. Bb8 axb5 56. axb5 Be1 57. Be5 Bd2 58. Kc4 Be1 59. Kb3 Bf2 60.
Kb4 Be1+ 61. Bc3 Bf2 62. Kc4 Bg1 63. Bd4 Bh2 64. Kd5 Bc7 65. Bf6 Ba5 66. Kc4
Bd2 67. Bd4 Bf4 68. Bf2 Bd2 69. Bg3 Be3 70. Be5 Bf2 1/2-1/2

[Event "Gibraltar ChallWk2 13th"]
[Site "Gibraltar"]
[Date "2015.02.04"]
[Round "5.33"]
[White "Musi, Dietmar"]
[Black "Campbell, Ian"]
[Result "0-1"]
[WhiteElo "1719"]
[BlackElo "2012"]
[PlyCount "84"]
[EventDate "2015.01.31"]
[EventType "swiss"]
[EventRounds "5"]
[EventCountry "GGB"]
[SourceTitle "BritBase"]
[Source "www.saund.co.uk"]
[SourceDate "2018.02.10"]
[SourceVersion "1"]
[SourceVersionDate "2018.02.10"]
[SourceQuality "1"]

1. e4 g6 2. d4 Bg7 3. Nc3 d6 4. Be3 e6 5. f4 Ne7 6. Bd3 a6 7. Nf3 b5 8. e5 d5
9. Qd2 Nd7 10. O-O Nb6 11. b3 Bd7 12. Rac1 Nf5 13. Bf2 h5 14. Ne2 Bc6 15. Ng3
Qd7 16. Nxf5 gxf5 17. Bh4 Nc8 18. Qb4 a5 19. Qd2 Ne7 20. Bf6 Kf8 21. Bg5 Ng6
22. Kh1 Bh6 23. Bxh6+ Rxh6 24. Ng5 Rh8 25. Rce1 Kg7 26. Re2 Qe7 27. Re3 Be8 28.
Qe2 Qb4 29. c3 Qxc3 30. Bxf5 Qxd4 31. Bxe6 Nxf4 32. Qf3 fxe6 33. Nxe6+ Nxe6 34.
Qf6+ Kh7 35. Qe7+ Ng7 36. Rg3 Rg8 37. h3 Bg6 38. Qg5 Ra6 39. Rf4 Qd1+ 40. Kh2
Ne6 41. Qf6 Nxf4 42. Qxa6 Ne2 0-1

[Event "Gibraltar ChallWk2 13th"]
[Site "Gibraltar"]
[Date "2015.02.04"]
[Round "5.34"]
[White "Nilsen, Martin"]
[Black "Tortolero, Cesar"]
[Result "1-0"]
[WhiteElo "2011"]
[BlackElo "1937"]
[PlyCount "93"]
[EventDate "2015.01.31"]
[EventType "swiss"]
[EventRounds "5"]
[EventCountry "GGB"]
[SourceTitle "BritBase"]
[Source "www.saund.co.uk"]
[SourceDate "2018.02.10"]
[SourceVersion "1"]
[SourceVersionDate "2018.02.10"]
[SourceQuality "1"]

1. e3 g6 2. d4 Bg7 3. c4 d6 4. Nc3 Nf6 5. Nf3 O-O 6. Be2 Nbd7 7. O-O c5 8. a3
b6 9. d5 a6 10. Rb1 h5 11. Qc2 Ng4 12. h3 Nh6 13. e4 Rb8 14. b4 cxb4 15. axb4
Qc7 16. Be3 Kh8 17. Nd4 Bb7 18. f4 Ng8 19. f5 Ne5 20. fxg6 Nxg6 21. Nb3 Be5 22.
Na4 Bc8 23. Nb2 h4 24. Nd3 Bg7 25. Qd2 Nf6 26. Bd4 Rg8 27. Qe3 Nh7 28. c5 bxc5
29. bxc5 dxc5 30. Nbxc5 Rxb1 31. Rxb1 Nf6 32. Nb4 a5 33. Nbd3 Kh7 34. Bf3 Bh6
35. Qe1 Rd8 36. Ra1 Rg8 37. e5 Nd7 38. Qxa5 Qb8 39. Be4 Nxc5 40. Qxc5 Bg5 41.
Rf1 f5 42. exf6 exf6 43. Qe7+ Rg7 44. Bxg6+ Kxg6 45. Rxf6+ Kh7 46. Qxg7+ Kxg7
47. Rb6+ 1-0

[Event "Gibraltar ChallWk2 13th"]
[Site "Gibraltar"]
[Date "2015.02.04"]
[Round "5.35"]
[White "Recklingloh, Frank"]
[Black "Curado, Manuel Joao Ferro"]
[Result "1-0"]
[WhiteElo "2133"]
[BlackElo "1860"]
[PlyCount "61"]
[EventDate "2015.01.31"]
[EventType "swiss"]
[EventRounds "5"]
[EventCountry "GGB"]
[SourceTitle "BritBase"]
[Source "www.saund.co.uk"]
[SourceDate "2018.02.10"]
[SourceVersion "1"]
[SourceVersionDate "2018.02.10"]
[SourceQuality "1"]

1. e4 e6 2. d3 d5 3. Nd2 c5 4. Ngf3 Nc6 5. g3 Be7 6. Bg2 Nf6 7. O-O O-O 8. e5
Nd7 9. Re1 Qc7 10. Qe2 b6 11. Nf1 Re8 12. h4 Nd4 13. Nxd4 cxd4 14. Bf4 Ba6 15.
Nh2 Rac8 16. Rec1 Qc5 17. Nf3 Nf8 18. Bd2 Rc7 19. b4 Qc6 20. a4 Bb7 21. Nxd4
Qd7 22. Nb5 Rcc8 23. Nxa7 Ra8 24. Nb5 f6 25. d4 fxe5 26. dxe5 Rec8 27. c3 Bc6
28. Bf1 Ng6 29. h5 Nh8 30. Nd4 Nf7 31. Bh3 1-0

[Event "Gibraltar ChallWk2 13th"]
[Site "Gibraltar"]
[Date "2015.02.04"]
[Round "5.36"]
[White "Kuhne, Detlev"]
[Black "Flanagan, Samuel"]
[Result "1-0"]
[WhiteElo "2131"]
[BlackElo "1766"]
[PlyCount "109"]
[EventDate "2015.01.31"]
[EventType "swiss"]
[EventRounds "5"]
[EventCountry "GGB"]
[SourceTitle "BritBase"]
[Source "www.saund.co.uk"]
[SourceDate "2018.02.10"]
[SourceVersion "1"]
[SourceVersionDate "2018.02.10"]
[SourceQuality "1"]

1. Nf3 d5 2. g3 c6 3. Bg2 Bg4 4. Ne5 Bf5 5. O-O e6 6. d4 Nd7 7. c4 Nxe5 8. dxe5
Ne7 9. Nc3 Bg6 10. cxd5 Nxd5 11. Nxd5 exd5 12. e4 dxe4 13. Bxe4 Bxe4 14. Qg4 h5
15. Qxe4 Qd5 16. Qxd5 cxd5 17. Rd1 Rd8 18. Be3 b6 19. Rac1 h4 20. Rc7 hxg3 21.
hxg3 Rd7 22. Rxd7 Kxd7 23. Rxd5+ Kc8 24. a4 Be7 25. a5 Kc7 26. axb6+ axb6 27.
Kg2 Kc6 28. Rd3 Bc5 29. Kf3 Rd8 30. Ke4 Ra8 31. f4 Ra2 32. b3 Re2 33. Kf3 Rxe3+
34. Rxe3 Bxe3 35. Kxe3 Kc5 36. Kd3 g6 37. Ke3 b5 38. Kd3 Kc6 39. g4 Kd5 40. Ke3
b4 41. Kd3 g5 42. Ke3 gxf4+ 43. Kxf4 Kd4 44. g5 Kc3 45. g6 fxg6 46. e6 Kxb3 47.
e7 Kc2 48. e8=Q b3 49. Qxg6+ Kc1 50. Qc6+ Kd2 51. Qd5+ Kc2 52. Qc4+ Kb2 53. Ke3
Ka2 54. Qa6+ Kb2 55. Kd2 1-0

[Event "Gibraltar ChallWk2 13th"]
[Site "Gibraltar"]
[Date "2015.02.04"]
[Round "5.37"]
[White "Baliuniene, Margarita"]
[Black "Machlik, Monika"]
[Result "1-0"]
[WhiteElo "1946"]
[BlackElo "2015"]
[PlyCount "55"]
[EventDate "2015.01.31"]
[EventType "swiss"]
[EventRounds "5"]
[EventCountry "GGB"]
[SourceTitle "BritBase"]
[Source "www.saund.co.uk"]
[SourceDate "2018.02.10"]
[SourceVersion "1"]
[SourceVersionDate "2018.02.10"]
[SourceQuality "1"]

1. d4 Nf6 2. c4 e6 3. Nf3 Bb4+ 4. Nbd2 d6 5. a3 Bxd2+ 6. Bxd2 Ne4 7. Bf4 f5 8.
h4 Nd7 9. e3 h6 10. Bd3 Nef6 11. h5 O-O 12. Nh4 Rf7 13. Ng6 Nf8 14. Qf3 Nxg6
15. hxg6 Re7 16. O-O-O Qe8 17. Qg3 e5 18. dxe5 dxe5 19. Bxh6 gxh6 20. Rxh6 Qf8
21. Rdh1 Qg7 22. Qg5 Kf8 23. Rh8+ Ng8 24. R1h7 Be6 25. Rxg7 Kxg7 26. Rh7+ Kf8
27. Rxe7 Nxe7 28. Qf6+ 1-0

[Event "Gibraltar ChallWk2 13th"]
[Site "Gibraltar"]
[Date "2015.02.04"]
[Round "5.38"]
[White "Van De Wynkele, Rudy"]
[Black "Kleinert, Juergen"]
[Result "1-0"]
[WhiteElo "1929"]
[BlackElo "1959"]
[PlyCount "78"]
[EventDate "2015.01.31"]
[EventType "swiss"]
[EventRounds "5"]
[EventCountry "GGB"]
[SourceTitle "BritBase"]
[Source "www.saund.co.uk"]
[SourceDate "2018.02.10"]
[SourceVersion "1"]
[SourceVersionDate "2018.02.10"]
[SourceQuality "1"]

1. e4 e5 2. Nf3 d5 3. exd5 Bd6 4. Bc4 e4 5. Qe2 Nf6 6. d3 O-O 7. dxe4 Nxe4 8.
O-O Re8 9. Qd1 Bg4 10. Be3 Nd7 11. h3 Bh5 12. Be2 Ng3 13. Re1 Nxe2+ 14. Qxe2 f5
15. Qd3 Bxf3 16. gxf3 f4 17. Bd2 Rxe1+ 18. Bxe1 Qg5+ 19. Kh2 Ne5 20. Qb3 Qh5
21. Nd2 Rf8 22. c4 Rf6 23. Kg2 Rg6+ 24. Kf1 Qxh3+ 25. Ke2 b6 26. Rc1 Rg1 27. c5
bxc5 28. Ne4 h6 29. Nd2 c4 30. Nxc4 Nxc4 31. Qxc4 Qf1+ 32. Kd2 Qh3 33. Qe4 Rg5
34. Qe8+ Kh7 35. Qe4+ Qf5 36. Ke2 g6 37. Rd1 Qd7 38. Bc3 Qb5+ 39. Rd3 Qd7 1-0

[Event "Gibraltar ChallWk2 13th"]
[Site "Gibraltar"]
[Date "2015.02.04"]
[Round "5.39"]
[White "Christophe-Hayot, Romain"]
[Black "Godinho Marques, Pedro"]
[Result "1-0"]
[WhiteElo "1793"]
[BlackElo "1950"]
[PlyCount "54"]
[EventDate "2015.01.31"]
[EventType "swiss"]
[EventRounds "5"]
[EventCountry "GGB"]
[SourceTitle "BritBase"]
[Source "www.saund.co.uk"]
[SourceDate "2018.02.10"]
[SourceVersion "1"]
[SourceVersionDate "2018.02.10"]
[SourceQuality "1"]

1. Nf3 c5 2. g3 d5 3. Bg2 Nc6 4. O-O Nf6 5. Re1 e5 6. d3 Be7 7. e4 dxe4 8. Ng5
Bg4 9. Qd2 exd3 10. Bxc6+ bxc6 11. Rxe5 dxc2 12. Qxc2 h6 13. Ne4 O-O 14. Nxf6+
Bxf6 15. Rxc5 Re8 16. Nc3 Re1+ 17. Kg2 Qd7 18. h4 Bh3+ 19. Kh2 Bf1 20. Qf5 Qe7
21. Rxc6 Bxc3 22. bxc3 g6 23. Rc8+ Rxc8 24. Qxc8+ Kg7 25. Bxh6+ Kh7 26. Rxe1
Qxe1 27. Be3 f6 1-0

[Event "Gibraltar ChallWk2 13th"]
[Site "Gibraltar"]
[Date "2015.02.04"]
[Round "5.40"]
[White "Henderson De La Fuente, Andrea"]
[Black "Haddock, Paul"]
[Result "1-0"]
[WhiteElo "1700"]
[BlackElo "1639"]
[PlyCount "70"]
[EventDate "2015.01.31"]
[EventType "swiss"]
[EventRounds "5"]
[EventCountry "GGB"]
[SourceTitle "BritBase"]
[Source "www.saund.co.uk"]
[SourceDate "2018.02.10"]
[SourceVersion "1"]
[SourceVersionDate "2018.02.10"]
[SourceQuality "1"]

1. e4 d6 2. Nc3 e5 3. Bc4 Nf6 4. d3 Be7 5. f4 Nc6 6. Nf3 Bg4 7. h3 Bxf3 8. Qxf3
Nd4 9. Qd1 c6 10. O-O b5 11. Bb3 a5 12. a4 Nxb3 13. cxb3 b4 14. Ne2 Qb6+ 15.
Kh1 O-O 16. Ng3 g6 17. Qf3 Nd7 18. f5 Bf6 19. Bh6 Bg7 20. Bxg7 Kxg7 21. f6+ Kh8
22. h4 Rae8 23. h5 gxh5 24. Nxh5 Re6 25. Rf2 Rg8 26. Raf1 Rg6 27. Qh3 Qd8 28.
Qh4 Qg8 29. Kh2 Rg4 30. Qh3 Qg6 31. Rf5 d5 32. Kg1 d4 33. Qf3 Nc5 34. Ng7 Rd6
35. Rxe5 Ne6 1-0

[Event "Gibraltar ChallWk2 13th"]
[Site "Gibraltar"]
[Date "2015.02.04"]
[Round "5.42"]
[White "Mohnblatt, Daniel"]
[Black "Rogozenco, Teodora"]
[Result "1-0"]
[WhiteElo "1863"]
[BlackElo "2011"]
[PlyCount "125"]
[EventDate "2015.01.31"]
[EventType "swiss"]
[EventRounds "5"]
[EventCountry "GGB"]
[SourceTitle "BritBase"]
[Source "www.saund.co.uk"]
[SourceDate "2018.02.10"]
[SourceVersion "1"]
[SourceVersionDate "2018.02.10"]
[SourceQuality "1"]

1. d4 d6 2. e4 Nf6 3. f3 e5 4. c3 Be7 5. Bd3 O-O 6. Ne2 Nh5 7. O-O Bg5 8. f4
exf4 9. Nxf4 Nxf4 10. Bxf4 Bxf4 11. Rxf4 Qg5 12. Qf3 Nd7 13. Na3 Nf6 14. Rf1
Be6 15. d5 Bg4 16. Qg3 h6 17. Nc4 Rae8 18. h4 Qh5 19. Ne3 Be2 20. Bxe2 Qxe2 21.
Rxf6 Rxe4 22. R6f3 Kh7 23. Qf2 Qxf2+ 24. R1xf2 Rfe8 25. Nc2 f6 26. Nd4 Rxh4 27.
Ne6 c6 28. Nf4 cxd5 29. Nxd5 Re5 30. Nf4 Re1+ 31. Rf1 Rxf1+ 32. Rxf1 Rg4 33.
Rf3 Rg5 34. Kf2 Kg8 35. b4 a5 36. a3 axb4 37. axb4 Kf7 38. Ne2 Re5 39. Nd4 g6
40. Re3 Rd5 41. Ke2 h5 42. g3 Rg5 43. c4 Rg4 44. Kd3 h4 45. gxh4 Rxh4 46. Nb5
d5 47. cxd5 Rxb4 48. Nd6+ Kg7 49. Re7+ Kg8 50. Rxb7 Rxb7 51. Nxb7 Kf8 52. Nd6
Ke7 53. Nc4 f5 54. Kd4 g5 55. Ne3 f4 56. Ng4 Kd6 57. Nf2 Kd7 58. Ke5 Ke7 59.
d6+ Kd7 60. Kd5 f3 61. Ng4 Kc8 62. Kc6 Kd8 63. d7 1-0